Water Pollution (Record no. 594638)

000 -LEADER
fixed length control field 00300nam a22001217a 4500
020 ## - INTERNATIONAL STANDARD BOOK NUMBER
International Standard Book Number 9781639895663
040 ## - CATALOGING SOURCE
Transcribing agency NUST IESE
082 ## - DEWEY DECIMAL CLASSIFICATION NUMBER
Classification number 628.168
Author Mark DUN
245 ## - TITLE STATEMENT
Title Water Pollution
Remainder of title Control and Treatment
260 ## - PUBLICATION, DISTRIBUTION, ETC.
Place of publication, distribution, etc. USA
Name of publisher, distributor, etc. States Academic Press
Date of publication, distribution, etc. 2021
300 ## - PHYSICAL DESCRIPTION
Extent 228
942 ## - ADDED ENTRY ELEMENTS (KOHA)
Source of classification or shelving scheme
Koha item type Book
Call number prefix 628.168
Holdings
Withdrawn status Lost status Source of classification or shelving scheme Damaged status Not for loan Permanent Location Current Location Shelving location Date acquired Source of acquisition Total Checkouts Full call number Barcode Date last seen Price effective from Koha item type
          Institute of Environmental Science and Engineering (IESE) Institute of Environmental Science and Engineering (IESE) General Stacks 05/03/2023 NUST IESE   628.168 DUN IESE -4022 05/03/2023   Book
© 2023 Central Library, National University of Sciences and Technology. All Rights Reserved.